Secret life of boys - Statistics

General Stats
  • This quiz has been taken 39 times
    30 since last reset
  • The average score is 7 of 15
Answer Stats
Hint Answer % Correct
Girl Ginger
89%
Boy Matt
83%
Boy Ethan/Thane
78%
Boy Robbie
67%
Girl Penny
56%
Girl Tabitha
56%
Boy Uncle Bob
56%
Girl Aunt Corey
50%
Girl Daisy
39%
Boy Heath
33%
Boy Andy
28%
Boy Ginger's dad/David
28%
Girl Granny Bob
28%
Girl Hiba
28%
Boy Noah
28%
No matching quizzes found
Score Distribution
Percent of People with Each Score
Percentile by Number Answered
Your Score History
You have not taken this quiz since the last reset